Central Library OPAC University of Rajshahi

Protein structure : (Record no. 69282)

MARC details
000 -LEADER
fixed length control field 00775nam a2200253 a 4500
001 - CONTROL NUMBER
control field 69282
003 - CONTROL NUMBER IDENTIFIER
rucl marc code BD-RjUL
005 - DATE AND TIME OF LATEST TRANSACTION
control field 20211209081852.0
008 - FIXED-LENGTH DATA ELEMENTS--GENERAL INFORMATION
fixed length control field 170410r19901989enka|||| b||| 001 0 eng d
020 ## - INTERNATIONAL STANDARD BOOK NUMBER
International Standard Book Number 1852211377 :
035 ## - SYSTEM CONTROL NUMBER
System control number (BD-RjUL)69493
040 ## - CATALOGING SOURCE
Original cataloging agency BD-RjUL
Language of cataloging eng
Transcribing agency BD-RjUL
Modifying agency BD-RjUL
041 ## - LANGUAGE CODE
Language code of text/sound track or separate title eng
082 ## - DEWEY DECIMAL CLASSIFICATION NUMBER
Edition number 23
Classification number 572.6
Author mark and year PRO 1990
245 ## - TITLE STATEMENT
Title Protein structure :
Remainder of title a practical approach /
Statement of responsibility, etc. T E Creighton
260 ## - PUBLICATION, DISTRIBUTION, ETC. (IMPRINT)
Place of publication, distribution, etc. Oxford :
Name of publisher, distributor, etc. IRL Press,
Date of publication, distribution, etc. 1989 [Reprinted 1990].
300 ## - PHYSICAL DESCRIPTION
Pagination xviii, 355 p. :
Illustrations ill. ;
Size 24 cm.
490 ## - SERIES STATEMENT
Series statement Practical approach series.
504 ## - BIBLIOGRAPHY, ETC. NOTE
Bibliography, etc Include Bibliography and Index.
650 ## - SUBJECT ADDED ENTRY--TOPICAL TERM
Topical term or geographic name as entry element Proteins
Form subdivision Analysis.
9 (RLIN) 205266
700 ## - ADDED ENTRY--PERSONAL NAME
Personal name Creighton, T E
830 ## - SERIES ADDED ENTRY--UNIFORM TITLE
Uniform title Practical approach series.
942 ## - ADDED ENTRY ELEMENTS (KOHA)
Source of classification or shelving scheme Dewey Decimal Classification
Koha item type Books
Holdings
Lost status Source of classification or shelving scheme Damaged status Not for loan Collection code Permanent Location Current Location Shelving location Date acquired Source of acquisition Cost, normal purchase price Total Checkouts Full call number Date last seen Copy number Koha item type
  Dewey Decimal Classification   Not For Loan Non-fiction Central Library, University of Rajshahi Central Library, University of Rajshahi Reading Room 09/12/2021 Aligarh Library, Dhaka 22.50   572.6 PRO 1990 10/04/2017 C-1 Books